000 00585nam a2200193 4500
001 133067
003 ES-MaACL
005 20230906194322.0
007 t|
008 070214s1958 sp r ||||1| spa d
100 1 _aRubert y Candau, José María.
_9100298
245 1 3 _aEl sentido último de la vida /
_cJosé Mª Rubert y Candau.
260 _aMadrid :
_bGredos,
_c1958.
300 _a270 p. ;
_c20 cm.
490 1 _aBiblioteca hispánica de Filosofía
830 0 _aBiblioteca hispánica de Filosofía
_9181000
852 _aES-MaACL
_jC-15676
_bR.43559
999 _c133067
_d133067